000 00450nam a2200181 a 4500
001 2756
003 CO-ViMGA
008 141112s2004 ck r 000 u spa d
040 _aCO-ViMGA
_bspa
_cCO-ViMGA
082 0 4 _aV863.44 U751v
100 1 _aUslar Pietri, Arturo
245 1 0 _aLa vista en el tiempo
260 _aBogotá :
_bNorma,
_c1990
300 _a338 p
490 _aLa otra orilla
650 1 4 _aNOVELA VENEZOLANA
_96491
942 _2ddc
_cBK
999 _c14829
_d14829